| 000 | 00611nam a2200217Ia 4500 | ||
|---|---|---|---|
| 001 | 7834 | ||
| 008 | 171014s1984 ii g b000 u 465 u | ||
| 020 | _a0-87692-334-1 | ||
| 082 | _a342.954 | ||
| 100 | _aBasu, Durga Das . | ||
| 245 | 0 |
_aShorter Constitution of India / _cDurga Das Basu. _hTextual Documents |
|
| 250 | _a9th ed. / | ||
| 260 |
_aNew Delhi : _bPrentice-Hall of India(Pvt Ltd) , _c1984. |
||
| 300 |
_alxviii, 1002p. ; _c24cm. |
||
| 504 | _aIndex | ||
| 653 | _aPolitical Science | ||
| 653 | _aConstitution-India | ||
| 653 | _aPG-Political Science | ||
| 653 | _aG-Economics | ||
| 942 |
_2ddc _cBK |
||
| 999 |
_c7821 _d7821 |
||